000 01424cam a22003015a 4500
001 L157117
002 19262
008 040912s2012 xxk f 000 0 eng d
020 _a9781842198001
035 _a(Sirsi) u157117
041 0 _aeng
050 0 4 _a347.4107 $2 18
110 2 _aRoyal Institution of Chartered Surveyors
_94900
245 0 0 _aSurveyors acting as adjudicators in the construction industry
250 _a3rd ed.
260 _aCoventry
_bRICS
_c2012
300 _avi, 26p.
_c24 cm
490 0 _aGuidance Note
505 2 _aGeneral introduction -- Appointment and acceptance -- Procedure and other matters.
520 _aOUT OF DATE, ARCHIVED JANUARY 2017. Superseded by 4th edition (L159460).
520 _aProvides outline guidance to RICS members acting as adjudicators in disputes relating to works carried out under a construction contract as defined in Part II of the Housing Grants, Construction and Regeneration Act 1996 as amended by Part 8 of the Local Democracy, Economic Development and Construction Act 2009.
521 _aAdvanced
650 2 4 _aDispute resolution
_96236
651 4 _aUnited Kingdom
_y
690 _aConstruction management
_96230
856 4 0 _uhttps://www.rics.org/Global/Surveyors_acting_as_adjudicators_in_the_construction_industry_3rd_edition_PGguidance_2012.pdf
_zView the guidance note free of charge (member-only content) at www.rics.org...
942 _n0
999 _c114607
_d114607